000 01281nam0a2200313 4500
001 RU\NLR\bibl\541750
005 20260406045803.0
010 _a5-279-02352-3
_93000
021 _aRU
_b2004-13893
_9713
035 _a(NLR Aleph) 000533987
090 _a1370980
_c1370980
100 _a20040723d2004 |||y0rusy50 ca
101 0 _arus
102 _aRU
105 _ay |||||||||
200 1 _aСборник задач по аудиту
_eУчеб. пособие для студентов вузов, обучающихся по спец. "Бух. учет, анализ и аудит"
_fИ.П. Василевич, Е.И. Ширкина
205 _a2-е изд., перераб. и доп.
210 _aМ.
_cФинансы и статистика
_d2004
215 _a309, [1] с.
_d21
606 0 _aАудит
_jЗадачники
_yРоссийская Федерация
_92075686
_3RU\NLR\auth\661250767
686 _aУ052.9(2)2-218я73-4
700 1 _4070
_8rus
_7ca
_aВасилевич
_bИ. П.
_gИнна Павловна
_3RU\NLR\auth\775410
_9115374
701 1 _aШиркина
_bЕ. И.
_gЕвгения Ивановна
_4070
801 0 _aRU
_bNLR
_c20040723
_gPSBO
801 1 _aRU
_bNLR
_c20040723
942 _cBOOK
980 _aNB